banner-ar

احفظ الوديعة(دراسة فى تيموثاوس الثانية) / (Record no. 29278)

MARC details
000 -الفاتح
حقل البيانات ثابتة الطول 00467nam a2200157Ia 4500
008 - عناصر البيانات ثابتة الطول - معلومات عامة
حقل البيانات ثابتة الطول 140319s9999 xx 000 0 ara d
040 ## - مصدر الفهرسة
وكالة الفهرسة الأصلية GCL /
وكالة النسخ GCL
082 04 - رقم تصنيف ديوى العشرى
رقم التصنيف 270
رقم المادة ج ا
100 1# - المدخل الرئيسى - إسم شخصى
الإسم الشخصى جون ستوت
245 10 - بيان العنوان
العنوان احفظ الوديعة(دراسة فى تيموثاوس الثانية) /
بيان المسئوليه,etc جون ستوت
700 1# - المدخل الاضافى - اسم شخصى
الإسم الشخصى رضا عدلى
260 ## - PUBLICATION, DISTRIBUTION, ETC. (IMPRINT)
تاريخ النشر أو التوزيع 1985
300 ## - الوصف المادى
التعداد 198 ص
490 ## - بيان السلسلة
عنوان السلسلة
260 ## - PUBLICATION, DISTRIBUTION, ETC. (IMPRINT)
-- [S.N] :
-- دار الثقافة المسيحية ،
Holdings
حالة التراجع حالة الفقد حالة تلف ليس للاعارة المكان المؤقت الموقع الحالى تاريخ الاكتساب اجمالي اﻻعارات رقم الطلب الباركود تاريخ اخر مشاهدة تاريخ تفعيل السعر نوع وعاء كوها
        مكتبة القاهرة الكبرى مكتبة القاهرة الكبرى 03/26/2014   270\ج ا 66946 03/26/2014 03/26/2014 كتاب

Powered By

EGPV